00352nam a2200121 a 450000500170000000800410001702000180005805000290007610000200010524500430012526000410016830000210020920140310183322.0060302s19uu xx 00 eng d a0-440-29545-9 aPR 6055.V213b.Ev92 1996 aEvans, Nicholas aThe horse whisperer /cNicholas Evans. aNew York :bDell Publishing,cc1996. a451 p. :c18 cm.